|
|
|
|
| LEADER |
01503nam a2200385 a 4500 |
| 001 |
33202 |
| 003 |
BD-DhAAL |
| 005 |
20180627110404.0 |
| 008 |
180625t1995 cau b 001 0 eng d |
| 999 |
|
|
|c 39300
|d 39300
|
| 010 |
|
|
|a 94044995
|
| 020 |
|
|
|a 0062509586 (cloth)
|
| 020 |
|
|
|a 9780062509598
|
| 020 |
|
|
|a 0062509594 (pbk.)
|
| 040 |
|
|
|a DLC
|c DLC
|d DLC
|d BD-DhAAL
|
| 041 |
1 |
|
|a eng
|h per
|
| 050 |
0 |
0 |
|a PK6480.E5
|b .B37 1995
|
| 082 |
0 |
0 |
|a 891.5511
|2 20
|
| 100 |
0 |
|
|a Jalāl al-Dīn Rūmī,
|c Maulana
|d 1207-1273
|9 26247
|
| 240 |
1 |
0 |
|a Works.
|k Selections.
|l English.
|f 1995
|
| 245 |
1 |
4 |
|a The essential Rumi /
|c translated by Coleman Barks, with John Moyne, A.J. Arberry, Reynold Nicholson.
|
| 260 |
|
|
|a San Francisco, CA :
|b Harper,
|c 1995
|
| 300 |
|
|
|a xxv, 388 pages ;
|c 22 cm.
|
| 504 |
|
|
|a Includes bibliographical references (pages 371-378) and index.
|
| 526 |
|
|
|a AAL
|
| 541 |
|
|
|a Trim Education
|e 33202
|
| 600 |
0 |
0 |
|a Jalāl al-Dīn Rūmī,
|c Maulana,
|d 1207-1273
|v Translations into English.
|9 26248
|
| 650 |
|
0 |
|a Sufi poetry, Persian
|v Translations into English.
|9 26249
|
| 700 |
1 |
|
|a Barks, Coleman
|9 26250
|
| 700 |
1 |
|
|a Nicholson, Reynold
|9 26251
|
| 700 |
1 |
|
|a Arberry, A.J.
|9 26252
|
| 700 |
1 |
|
|a Moyne, John
|9 26253
|
| 852 |
|
|
|a Ayesha Abed Library
|c General Stacks
|
| 942 |
|
|
|2 ddc
|c BK
|
| 952 |
|
|
|0 0
|1 0
|2 ddc
|4 0
|6 891_551100000000000_JAL
|7 0
|9 63515
|a BRACUL
|b BRACUL
|c GEN
|d 2018-06-07
|e Trim Education
|g 2475.00
|l 14
|m 185
|o 891.5511 JAL
|p 3010033202
|r 2025-12-24
|s 2025-07-16
|t 1
|v 2475.00
|w 2018-06-07
|y BK
|